000
00273nam a22001097a 4500
082
_a
150/PRO
100
_a
Prophet, Elizabeth Clare
_9
82934
245
_a
CHAKRAS,your 7 Energy Centers
260
_a
Mumbai
_b
Jaico Publishing House
_c
2016
650
_a
Psychology
942
_c
BK
999
_c
67682
_d
67682